000 00804nam a2200313Ia 4500
008 170203s9999 xx 000 0 und d
020 _a0-590693328
050 _aFic
050 _bB766p
100 _aBourgeois, Paulette.
245 _aFranklin's bad day /
245 _cPaulette Bourgeois ; Brenda Clark, illustrations.
260 _aNew York :
260 _bScholastic, Inc.,
260 _c©1997.
300 _a1 volume :
300 _bcolor illustrations ;
300 _c21 cm
650 _aFriendship --
650 _aFriendship --
650 _aMoving, Household --
650 _aTurtles --
650 _aTurtles --
650 _xFiction.
650 _xFiction.
650 _xJuvenile fiction.
650 _xJuvenile fiction.
650 _xJuvenile fiction.
999 _c306528
_d306528